| 000 | 00386nam a22001457a 4500 | ||
|---|---|---|---|
| 005 | 20240314054839.0 | ||
| 008 | 240314b |||||||| |||| 00| 0 eng d | ||
| 082 |
_222 _a323.4 _bINT. |
||
| 100 | _aBrussels. | ||
| 245 | _aInternational Conference on women and apartheid : | ||
| 260 |
_bUnited nations center against APARTHEID / _c1982 |
||
| 300 | _a38 P ., | ||
| 650 | _aWomen. | ||
| 942 | _cL | ||
| 999 |
_c573 _d573 |
||